<?xml version="1.0" encoding="UTF-8"?><?xml-stylesheet type="text/xsl" href="static/style.xsl"?><OAI-PMH xmlns="http://www.openarchives.org/OAI/2.0/" xmlns:xsi="http://www.w3.org/2001/XMLSchema-instance" xsi:schemaLocation="http://www.openarchives.org/OAI/2.0/ http://www.openarchives.org/OAI/2.0/OAI-PMH.xsd"><responseDate>2026-04-27T13:38:28Z</responseDate><request verb="GetRecord" identifier="oai:riubu.ubu.es:10259/10306" metadataPrefix="marc">https://riubu.ubu.es/oai/request</request><GetRecord><record><header><identifier>oai:riubu.ubu.es:10259/10306</identifier><datestamp>2025-03-12T01:05:33Z</datestamp><setSpec>com_10259_3822</setSpec><setSpec>com_10259_5086</setSpec><setSpec>com_10259_2604</setSpec><setSpec>col_10259_3823</setSpec></header><metadata><record xmlns="http://www.loc.gov/MARC21/slim" xmlns:doc="http://www.lyncode.com/xoai" xmlns:xsi="http://www.w3.org/2001/XMLSchema-instance" xmlns:dcterms="http://purl.org/dc/terms/" xsi:schemaLocation="http://www.loc.gov/MARC21/slim http://www.loc.gov/standards/marcxml/schema/MARC21slim.xsd">
<leader>00925njm 22002777a 4500</leader>
<datafield tag="042" ind1=" " ind2=" ">
<subfield code="a">dc</subfield>
</datafield>
<datafield tag="720" ind1=" " ind2=" ">
<subfield code="a">Bello Paredes, Santiago A.</subfield>
<subfield code="e">author</subfield>
</datafield>
<datafield tag="260" ind1=" " ind2=" ">
<subfield code="c">2017-09</subfield>
</datafield>
<datafield tag="520" ind1=" " ind2=" ">
<subfield code="a">El objeto de este estudio se centra en efectuar una valoración de la situación, no&#xd;
solo jurídico-administrativa, vivida por la central nuclear de Santa María de Garoña&#xd;
en los últimos años (2009-2017), cuyo episodio fi nal ha tenido lugar con la resolución administrativa dictada por el Ministerio de Energía, Turismo y Agenda Digital,&#xd;
contenida en la Orden ETU/754/2017, de 1 de agosto, por la que se deniega la renovación de la autorización de explotación de esta central nuclear, lo que supone su inexorable final y el comienzo de su desmantelamiento</subfield>
</datafield>
<datafield tag="520" ind1=" " ind2=" ">
<subfield code="a">The purpose of this study is to assess the situation, not only legal and administrative law, experienced by the Santa María de Garoña nuclear installation in the&#xd;
last decade: 2009-2017, whose final episode has taken place with the resolution Administrative Order issued by the Ministry of Energy, Tourism and Digital Agenda,&#xd;
contained in Order ETU / 754/2017, of 1st August, refusing to renew the authorization to operate this nuclear installation, which its inexorable final and the beginning&#xd;
of its decommissioning</subfield>
</datafield>
<datafield tag="024" ind2=" " ind1="8">
<subfield code="a">0034-7639</subfield>
</datafield>
<datafield tag="024" ind2=" " ind1="8">
<subfield code="a">http://hdl.handle.net/10259/10306</subfield>
</datafield>
<datafield tag="024" ind2=" " ind1="8">
<subfield code="a">10.18042/cepc/rap.204.09</subfield>
</datafield>
<datafield tag="024" ind2=" " ind1="8">
<subfield code="a">1989-0656</subfield>
</datafield>
<datafield ind1=" " ind2=" " tag="653">
<subfield code="a">Derecho nuclear</subfield>
</datafield>
<datafield ind1=" " ind2=" " tag="653">
<subfield code="a">Centrales nucleares</subfield>
</datafield>
<datafield ind1=" " ind2=" " tag="653">
<subfield code="a">Seguridad nuclear</subfield>
</datafield>
<datafield ind1=" " ind2=" " tag="653">
<subfield code="a">Autorizaciones administrativas</subfield>
</datafield>
<datafield ind1=" " ind2=" " tag="653">
<subfield code="a">Santa María de Garoña</subfield>
</datafield>
<datafield ind1=" " ind2=" " tag="653">
<subfield code="a">Nuclear law</subfield>
</datafield>
<datafield ind1=" " ind2=" " tag="653">
<subfield code="a">Nuclear installations</subfield>
</datafield>
<datafield ind1=" " ind2=" " tag="653">
<subfield code="a">Safety nuclear</subfield>
</datafield>
<datafield ind1=" " ind2=" " tag="653">
<subfield code="a">Licences</subfield>
</datafield>
<datafield tag="245" ind1="0" ind2="0">
<subfield code="a">Crónica de una muerte anunciada: la central nuclear de Garoña</subfield>
</datafield>
</record></metadata></record></GetRecord></OAI-PMH>